| 000 | 00590nam a22001817a 4500 | ||
|---|---|---|---|
| 003 | 0 | ||
| 005 | 20240918145420.0 | ||
| 008 | 240918b xxu||||| |||| 00| 0 eng d | ||
| 020 | _a978-1-316-51194-7 | ||
| 050 |
_aQA 76.758 _b.Se48 2023 |
||
| 100 | _aSethi, Ravi | ||
| 245 |
_aSoftware engineering _bbasic principles and best practices _cRavi Sethi |
||
| 260 |
_aCambridge, United Kingdom _bCambridge University Press _c2023 |
||
| 300 |
_axviii, 342 pages ; _c26cm. |
||
| 504 | _aIncludes bibliographical references and index. | ||
| 650 | _aSoftware engineering. | ||
| 942 |
_2lcc _cBK |
||
| 999 |
_c366244 _d366244 |
||